[Event "Deutsche Ländermeisterschaft 2020"]
[Site "Berlin GER"]
[Date "2020.10.02"]
[Round "5"]
[White "Huppert, Anna"]
[Black "Zimmer, Tim"]
[Result "0-1"]
[Termination "normal"]
[Board "8.7"]
[WhiteElo "1440"]
[BlackElo "1025"]
[WhiteClock "00:26:22"]
[BlackClock "01:18:17"]
[WhiteTeam "Saarland"]
[BlackTeam "Bremen"]
[PlyCount "114"]
[WhiteFideId "16214439"]
[BlackFideId "34603115"]
[EventCountry "GER"]
[EventRounds "7"]
[EventType "team-swiss"]
[EventDate "2020.09.29"]

1. e4 {[%clk 1:30:58]} e5 {[%clk 1:30:52]} 2. Nf3 {[%clk 1:31:23]} Nc6 {[%clk
1:31:11]} 3. Bc4 {[%clk 1:31:45]} Nf6 {[%clk 1:31:32]} 4. Ng5 {[%clk 1:32:07]}
d5 {[%clk 1:31:36]} 5. exd5 {[%clk 1:32:25]} Nd4 {[%clk 1:31:56]} 6. d6 {[%clk
1:28:00]} Qxd6 {[%clk 1:30:17]} 7. Nxf7 {[%clk 1:24:42]} Qc6 {[%clk 1:30:28]}
8. Nxe5 {[%clk 1:14:41]} Qe4+ {[%clk 1:27:26]} 9. Kf1 {[%clk 1:05:26]} Qxe5
{[%clk 1:26:10]} 10. c3 {[%clk 1:01:04]} Nc6 {[%clk 1:22:33]} 11. d4 {[%clk
1:00:53]} Qd6 {[%clk 1:22:49]} 12. Be3 {[%clk 0:49:52]} Be6 {[%clk 1:21:16]}
13. Nd2 {[%clk 0:42:21]} Be7 {[%clk 1:19:27]} 14. Ke2 {[%clk 0:31:33]} Ng4
{[%clk 1:16:45]} 15. Bxe6 {[%clk 0:30:31]} Qxe6 {[%clk 1:15:45]} 16. Nf3 {[%clk
0:28:47]} Qg6 {[%clk 1:11:48]} 17. Bf4 {[%clk 0:22:37]} Qe4+ {[%clk 1:09:55]}
18. Be3 {[%clk 0:22:33]} O-O-O 19. Re1 {[%clk 0:20:29]} Nxe3 {[%clk 1:07:43]}
20. fxe3 Rhe8 {[%clk 1:06:24]} 21. Kf1 {[%clk 0:18:23]} Rf8 {[%clk 0:59:00]}
22. Kg1 {[%clk 0:13:42]} Bh4 23. Nxh4 Qxh4 {[%clk 0:54:51]} 24. Rf1 {[%clk
0:13:09]} Qe4 {[%clk 0:54:19]} 25. Qd2 {[%clk 0:12:15]} Rde8 26. Rae1 {[%clk
0:11:52]} Rxf1+ {[%clk 0:53:44]} 27. Kxf1 {[%clk 0:10:18]} Rf8+ {[%clk
0:47:00]} 28. Kg1 {[%clk 0:05:10]} Ne7 29. Rf1 {[%clk 0:05:20]} Rxf1+ {[%clk
0:47:20]} 30. Kxf1 {[%clk 0:04:26]} Qb1+ 31. Kf2 {[%clk 0:04:30]} Qxa2 {[%clk
0:48:03]} 32. e4 {[%clk 0:04:30]} Qe6 {[%clk 0:47:12]} 33. Qf4 {[%clk 0:01:47]}
Qf6 {[%clk 0:46:57]} 34. Qxf6 {[%clk 0:01:26]} gxf6 {[%clk 0:46:51]} 35. g4
{[%clk 0:01:47]} Kd7 {[%clk 0:47:38]} 36. Kf3 {[%clk 0:01:57]} Ng6 {[%clk
0:47:12]} 37. Ke3 {[%clk 0:01:25]} c6 {[%clk 0:45:49]} 38. Kf3 {[%clk 0:00:59]}
Kd6 {[%clk 0:45:20]} 39. Ke3 {[%clk 0:00:54]} c5 {[%clk 0:44:04]} 40. dxc5+
{[%clk 0:00:34]} Kxc5 {[%clk 0:44:09]} 41. b3 {[%clk 0:00:42]} Ne5 {[%clk
0:44:10]} 42. h3 {[%clk 0:00:48]} a5 {[%clk 0:44:03]} 43. Kd2 {[%clk 0:24:24]}
b5 {[%clk 1:14:05]} 44. Kc2 {[%clk 0:24:24]} a4 {[%clk 1:14:07]} 45. bxa4
{[%clk 0:24:10]} bxa4 {[%clk 1:14:28]} 46. Kb2 {[%clk 0:24:47]} Kc4 {[%clk
1:14:46]} 47. Ka3 {[%clk 0:24:47]} Kxc3 {[%clk 1:15:31]} 48. Kxa4 {[%clk
0:25:12]} Kd4 {[%clk 1:15:31]} 49. Kb4 {[%clk 0:25:28]} Kxe4 {[%clk 1:15:50]}
50. Kc5 {[%clk 0:25:54]} Kf4 {[%clk 1:16:08]} 51. Kd5 {[%clk 0:26:11]} Kg3
{[%clk 1:16:29]} 52. Ke6 {[%clk 0:26:20]} Kxh3 {[%clk 1:16:50]} 53. Kxf6 {[%clk
0:25:18]} Kxg4 {[%clk 1:17:05]} 54. Kxe5 {[%clk 0:25:19]} h5 {[%clk 1:17:28]}
55. Ke4 {[%clk 0:25:41]} h4 {[%clk 1:17:53]} 56. Ke3 {[%clk 0:26:08]} Kg3
{[%clk 1:18:17]} 57. Ke2 {[%clk 0:26:22]} Kg2 0-1

[Event "Deutsche Ländermeisterschaft 2020"]
[Site "Berlin GER"]
[Date "2020.10.03"]
[Round "6"]
[White "Besou, Hussain"]
[Black "Werner, Florin"]
[Result "1/2-1/2"]
[Termination "normal"]
[Board "1.7"]
[WhiteElo "1825"]
[BlackElo "1481"]
[WhiteClock "00:42:44"]
[BlackClock "00:44:53"]
[WhiteTeam "Nordrhein-Westfalen"]
[BlackTeam "Hessen"]
[PlyCount "45"]
[WhiteFideId "16269950"]
[BlackFideId "16250230"]
[EventCountry "GER"]
[EventRounds "7"]
[EventType "team-swiss"]
[EventDate "2020.09.29"]

1. b3 {[%clk 1:30:30]} d5 {[%clk 1:30:30]} 2. Bb2 {[%clk 1:30:30]} Bf5 {[%clk
1:29:46]} 3. Nf3 {[%clk 1:31:18]} e6 {[%clk 1:30:08]} 4. g3 {[%clk 1:30:51]}
Nf6 {[%clk 1:30:23]} 5. Bg2 {[%clk 1:30:59]} c5 {[%clk 1:30:29]} 6. O-O {[%clk
1:30:45]} Nc6 {[%clk 1:30:41]} 7. d3 {[%clk 1:30:48]} Bg6 {[%clk 1:28:35]} 8.
Nbd2 {[%clk 1:30:39]} Be7 {[%clk 1:28:22]} 9. c4 {[%clk 1:29:33]} d4 {[%clk
1:21:36]} 10. a3 {[%clk 1:22:35]} O-O {[%clk 1:21:20]} 11. h3 {[%clk 1:22:01]}
Qc7 {[%clk 1:14:40]} 12. Rb1 {[%clk 1:08:45]} Rad8 13. Ba1 {[%clk 1:08:11]} h6
{[%clk 1:11:40]} 14. Ne1 {[%clk 1:05:59]} a5 {[%clk 1:10:53]} 15. Nc2 {[%clk
1:05:17]} b6 {[%clk 1:10:29]} 16. Qe1 {[%clk 0:59:30]} e5 {[%clk 1:07:19]} 17.
Rd1 {[%clk 0:54:12]} Rfe8 {[%clk 1:03:28]} 18. Bb2 {[%clk 0:52:07]} Bd6 {[%clk
0:59:43]} 19. Ne4 {[%clk 0:52:09]} Nxe4 {[%clk 0:59:11]} 20. dxe4 {[%clk
0:52:32]} Bh7 21. e3 Be7 {[%clk 0:44:58]} 22. Qe2 {[%clk 0:44:36]} Bf6 {[%clk
0:44:53]} 23. Rd2 {[%clk 0:42:44]} 1/2-1/2

[Event "Deutsche Ländermeisterschaft 2020"]
[Site "Berlin GER"]
[Date "2020.10.03"]
[Round "6"]
[White "Mönster, Madita"]
[Black "Yue, Qizhou"]
[Result "1/2-1/2"]
[Termination "normal"]
[Board "2.6"]
[WhiteElo "1918"]
[BlackElo "1775"]
[WhiteClock "00:00:48"]
[BlackClock "00:01:35"]
[WhiteTeam "Niedersachsen"]
[BlackTeam "Rheinland-Pfalz"]
[PlyCount "165"]
[WhiteFideId "12947156"]
[BlackFideId "16273800"]
[EventCountry "GER"]
[EventRounds "7"]
[EventType "team-swiss"]
[EventDate "2020.09.29"]

1. e4 {[%clk 1:30:57]} c5 {[%clk 1:30:55]} 2. Nf3 {[%clk 1:31:44]} e6 {[%clk
1:31:42]} 3. d4 {[%clk 1:31:44]} cxd4 {[%clk 1:31:42]} 4. Nxd4 {[%clk 1:32:31]}
Nc6 {[%clk 1:32:07]} 5. Nc3 Qc7 {[%clk 1:32:30]} 6. Be3 {[%clk 1:32:53]} a6
{[%clk 1:32:53]} 7. Qf3 {[%clk 1:33:36]} Ne5 {[%clk 1:32:52]} 8. Qg3 {[%clk
1:33:48]} h5 {[%clk 1:33:12]} 9. Nf5 {[%clk 1:34:06]} exf5 {[%clk 1:12:36]} 10.
Nd5 {[%clk 1:34:20]} Qb8 {[%clk 0:59:28]} 11. Bb6 {[%clk 1:15:13]} Bd6 {[%clk
0:57:39]} 12. Qxg7 {[%clk 1:10:38]} Ng6 {[%clk 0:50:15]} 13. Bc4 {[%clk
0:55:24]} Nh6 {[%clk 0:50:36]} 14. Nf6+ {[%clk 0:51:20]} Ke7 {[%clk 0:48:36]}
15. Bxf7 {[%clk 0:49:56]} Nxf7 {[%clk 0:48:26]} 16. Nd5+ {[%clk 0:49:42]} Ke8
{[%clk 0:35:06]} 17. Qxg6 {[%clk 0:47:25]} Be5 {[%clk 0:27:28]} 18. O-O-O
{[%clk 0:32:48]} Kf8 {[%clk 0:26:58]} 19. Qxf5 {[%clk 0:29:04]} d6 {[%clk
0:26:14]} 20. Qf3 {[%clk 0:28:02]} Bg4 {[%clk 0:25:34]} 21. Qb3 {[%clk
0:28:00]} Bxd1 {[%clk 0:23:04]} 22. Rxd1 {[%clk 0:26:35]} Qc8 {[%clk 0:18:58]}
23. f4 {[%clk 0:26:18]} Bg7 {[%clk 0:16:07]} 24. Nc7 {[%clk 0:26:18]} Rb8
{[%clk 0:15:25]} 25. Ne6+ {[%clk 0:19:59]} Kg8 {[%clk 0:15:47]} 26. Nxg7 {[%clk
0:19:59]} Kxg7 {[%clk 0:15:47]} 27. Bd4+ {[%clk 0:20:25]} Kf8 {[%clk 0:16:07]}
28. Bxh8 {[%clk 0:19:47]} Nxh8 {[%clk 0:15:51]} 29. Qd5 {[%clk 0:19:06]} Nf7
{[%clk 0:14:47]} 30. Qxh5 {[%clk 0:18:46]} Qc4 {[%clk 0:13:40]} 31. Qd5 {[%clk
0:13:03]} Qe2 {[%clk 0:12:24]} 32. e5 {[%clk 0:12:15]} Rc8 33. Qd2 {[%clk
0:12:38]} Qxd2+ {[%clk 0:12:29]} 34. Rxd2 {[%clk 0:12:30]} dxe5 {[%clk
0:12:59]} 35. fxe5 {[%clk 0:09:09]} Nxe5 {[%clk 0:11:48]} 36. h3 {[%clk
0:04:54]} Ke7 {[%clk 0:11:34]} 37. b3 {[%clk 0:04:41]} Rf8 {[%clk 0:11:19]} 38.
Re2 {[%clk 0:04:44]} Kd6 {[%clk 0:10:58]} 39. Kd2 {[%clk 0:04:23]} Nc6 {[%clk
0:09:02]} 40. c3 {[%clk 0:00:35]} Rf1 {[%clk 0:30:06]} 41. Ke3 {[%clk 0:25:02]}
Ne5 {[%clk 0:26:02]} 42. Ke4 {[%clk 0:21:18]} Ng6 {[%clk 0:21:08]} 43. g4
{[%clk 0:18:47]} Nh4 {[%clk 0:19:28]} 44. Re3 {[%clk 0:18:29]} Rf2 {[%clk
0:17:02]} 45. a4 {[%clk 0:18:02]} Rf1 {[%clk 0:12:53]} 46. Rg3 {[%clk 0:14:24]}
Ng6 {[%clk 0:12:53]} 47. Rf3 {[%clk 0:14:03]} Re1+ {[%clk 0:11:55]} 48. Kd4
{[%clk 0:13:27]} Rd1+ {[%clk 0:11:52]} 49. Ke3 {[%clk 0:06:22]} Ne5 {[%clk
0:09:50]} 50. Rg3 {[%clk 0:06:28]} Rb1 {[%clk 0:05:53]} 51. b4 {[%clk 0:04:11]}
b6 {[%clk 0:05:27]} 52. h4 {[%clk 0:04:29]} Rh1 {[%clk 0:04:32]} 53. h5 {[%clk
0:04:26]} Ke6 {[%clk 0:04:41]} 54. Kf4 {[%clk 0:04:21]} Rf1+ {[%clk 0:04:12]}
55. Kg5 {[%clk 0:03:15]} Nf7+ {[%clk 0:04:01]} 56. Kg6 {[%clk 0:03:00]} Ne5+
{[%clk 0:04:15]} 57. Kg5 {[%clk 0:02:46]} Nf7+ 58. Kh4 {[%clk 0:03:11]} Rh1+
{[%clk 0:04:06]} 59. Rh3 {[%clk 0:03:11]} Rg1 {[%clk 0:02:29]} 60. Re3+ {[%clk
0:02:36]} Kf6 {[%clk 0:02:05]} 61. Rd3 {[%clk 0:02:14]} Ke7 {[%clk 0:02:03]}
62. Rd5 {[%clk 0:01:49]} Ke6 63. Rd4 {[%clk 0:02:15]} Rh1+ {[%clk 0:01:45]} 64.
Kg3 {[%clk 0:01:41]} Ng5 {[%clk 0:01:37]} 65. c4 {[%clk 0:01:23]} Nf7 {[%clk
0:01:44]} 66. b5 {[%clk 0:01:43]} axb5 {[%clk 0:01:28]} 67. cxb5 {[%clk
0:01:53]} Ke5 {[%clk 0:01:11]} 68. Rc4 {[%clk 0:01:42]} Ng5 {[%clk 0:01:27]}
69. Rc6 Rh3+ {[%clk 0:01:36]} 70. Kg2 {[%clk 0:01:59]} Ra3 {[%clk 0:01:37]} 71.
Rxb6 {[%clk 0:00:53]} Ra2+ {[%clk 0:01:47]} 72. Kg3 {[%clk 0:01:01]} Ra3+
{[%clk 0:01:48]} 73. Kf2 {[%clk 0:00:46]} Rxa4 {[%clk 0:02:09]} 74. Kg3 {[%clk
0:00:46]} Ra3+ {[%clk 0:02:11]} 75. Kf2 {[%clk 0:00:42]} Ra4 {[%clk 0:01:57]}
76. Rc6 {[%clk 0:00:38]} Rxg4 {[%clk 0:02:06]} 77. b6 {[%clk 0:00:37]} Rb4
{[%clk 0:00:51]} 78. Ke3 Kd5 {[%clk 0:01:03]} 79. Rg6 {[%clk 0:00:52]} Nf7
{[%clk 0:01:09]} 80. Rf6 {[%clk 0:00:45]} Nd6 {[%clk 0:01:24]} 81. h6 {[%clk
0:00:38]} Rh4 {[%clk 0:01:35]} 82. Rg6 {[%clk 0:00:48]} Nf5+ 83. Kd3 1/2-1/2

[Event "Deutsche Ländermeisterschaft 2020"]
[Site "Berlin GER"]
[Date "2020.10.03"]
[Round "6"]
[White "Wilmink, Anna"]
[Black "Richter, Johanna"]
[Result "1-0"]
[Termination "normal"]
[Board "2.8"]
[WhiteElo "1608"]
[BlackElo "1107"]
[WhiteClock "00:15:50"]
[BlackClock "00:34:46"]
[WhiteTeam "Niedersachsen"]
[BlackTeam "Rheinland-Pfalz"]
[PlyCount "127"]
[WhiteFideId "16273680"]
[BlackFideId "16278925"]
[EventCountry "GER"]
[EventRounds "7"]
[EventType "team-swiss"]
[EventDate "2020.09.29"]

1. e4 {[%clk 1:30:58]} c5 {[%clk 1:30:52]} 2. Nf3 {[%clk 1:31:23]} Nc6 {[%clk
1:31:15]} 3. d4 {[%clk 1:31:41]} cxd4 {[%clk 1:31:34]} 4. Nxd4 Nf6 5. Nc3
{[%clk 1:32:21]} e5 {[%clk 1:32:21]} 6. Ndb5 {[%clk 1:32:40]} d6 {[%clk
1:32:38]} 7. Bg5 {[%clk 1:32:58]} a6 {[%clk 1:33:00]} 8. Na3 {[%clk 1:33:14]}
b5 {[%clk 1:33:25]} 9. Nd5 {[%clk 1:33:27]} Be7 {[%clk 1:33:45]} 10. Bxf6
{[%clk 1:33:45]} Bxf6 {[%clk 1:34:06]} 11. c4 {[%clk 1:33:53]} b4 {[%clk
1:34:21]} 12. Nc2 {[%clk 1:34:07]} a5 {[%clk 1:34:43]} 13. g3 {[%clk 1:34:03]}
O-O {[%clk 1:32:58]} 14. h4 {[%clk 1:34:16]} Be6 {[%clk 1:25:26]} 15. Bh3
{[%clk 1:34:27]} Bxh3 {[%clk 1:17:23]} 16. Rxh3 {[%clk 1:34:44]} Be7 {[%clk
1:13:02]} 17. Qf3 {[%clk 1:30:04]} Qd7 {[%clk 1:13:02]} 18. g4 {[%clk 1:29:02]}
Rab8 {[%clk 1:11:32]} 19. Kf1 {[%clk 1:27:35]} a4 {[%clk 1:10:16]} 20. b3
{[%clk 1:24:56]} a3 {[%clk 1:08:43]} 21. Kg2 {[%clk 1:24:56]} f6 {[%clk
1:08:43]} 22. Rah1 {[%clk 1:15:48]} Rf7 23. Qg3 {[%clk 1:05:39]} h6 {[%clk
1:04:31]} 24. g5 {[%clk 1:05:39]} fxg5 {[%clk 1:04:45]} 25. Nxe7+ {[%clk
1:04:58]} Nxe7 {[%clk 1:02:15]} 26. hxg5 {[%clk 1:01:45]} Ng6 {[%clk 1:00:40]}
27. Kf1 {[%clk 0:54:40]} hxg5 {[%clk 1:00:40]} 28. Qxg5 {[%clk 0:52:19]} Qa7
{[%clk 0:59:41]} 29. R3h2 {[%clk 0:43:17]} Rf6 {[%clk 0:58:19]} 30. Qg3 {[%clk
0:43:17]} Kf7 {[%clk 0:58:19]} 31. Rg1 {[%clk 0:43:17]} Rf8 {[%clk 0:51:00]}
32. Nxb4 {[%clk 0:38:03]} Ke8 {[%clk 0:47:21]} 33. Nd5 {[%clk 0:35:05]} Re6
{[%clk 0:38:06]} 34. Qh3 {[%clk 0:32:43]} Nf4 {[%clk 0:38:09]} 35. Nxf4 {[%clk
0:29:29]} Ref6 {[%clk 0:38:09]} 36. Nd3 {[%clk 0:14:15]} Kd8 {[%clk 0:35:10]}
37. Qg4 {[%clk 0:14:15]} Qd4 {[%clk 0:33:50]} 38. Qe2 {[%clk 0:11:22]} Rf3
{[%clk 0:30:04]} 39. Ne1 {[%clk 0:06:52]} R3f4 {[%clk 0:56:04]} 40. Rg3 {[%clk
0:29:25]} Rxe4 {[%clk 0:51:48]} 41. Qd3 {[%clk 0:26:05]} Kc7 {[%clk 0:51:48]}
42. Qxd4 {[%clk 0:26:05]} Rxd4 {[%clk 0:51:48]} 43. Rxg7+ {[%clk 0:26:05]} Kc6
{[%clk 0:51:48]} 44. Ke2 {[%clk 0:26:05]} Rd8 {[%clk 0:46:07]} 45. Nc2 {[%clk
0:20:52]} Re4+ {[%clk 0:44:57]} 46. Kd3 {[%clk 0:18:26]} Rf4 {[%clk 0:43:30]}
47. Ne3 {[%clk 0:18:26]} Kc5 {[%clk 0:43:30]} 48. Nd5 {[%clk 0:18:46]} Rf3+ 49.
Ke4 {[%clk 0:18:23]} Rf4+ {[%clk 0:35:25]} 50. Nxf4 {[%clk 0:18:33]} exf4
{[%clk 0:35:36]} 51. Kxf4 {[%clk 0:18:51]} Kd4 52. Rg5 {[%clk 0:17:27]} Kc3
{[%clk 0:35:58]} 53. f3 {[%clk 0:16:11]} Rf8+ {[%clk 0:35:07]} 54. Ke4 {[%clk
0:15:50]} Re8+ {[%clk 0:34:46]} 55. Kd5 {[%clk 0:15:50]} Rc8 {[%clk 0:34:46]}
56. Kxd6 {[%clk 0:15:50]} Rd8+ {[%clk 0:34:46]} 57. Ke7 {[%clk 0:15:50]} Rd2
{[%clk 0:34:46]} 58. Rxd2 {[%clk 0:15:50]} Kxd2 {[%clk 0:34:46]} 59. Rg2+
{[%clk 0:15:50]} Kc1 {[%clk 0:34:46]} 60. c5 {[%clk 0:15:50]} Kb1 {[%clk
0:34:46]} 61. c6 {[%clk 0:15:50]} Ka1 {[%clk 0:34:46]} 62. c7 {[%clk 0:15:50]}
Kb1 {[%clk 0:34:46]} 63. c8=Q {[%clk 0:15:50]} Ka1 {[%clk 0:34:46]} 64. Qc1#
{[%clk 0:15:50]} 1-0

[Event "Deutsche Ländermeisterschaft 2020"]
[Site "Berlin GER"]
[Date "2020.10.03"]
[Round "6"]
[White "Goldbeck, Lars"]
[Black "Roseneck, Jonas"]
[Result "0-1"]
[Termination "normal"]
[Board "3.1"]
[WhiteTitle "FM"]
[BlackTitle "FM"]
[WhiteElo "2273"]
[BlackElo "2417"]
[WhiteClock "00:05:14"]
[BlackClock "00:01:18"]
[WhiteTeam "Bayern"]
[BlackTeam "Sachsen-Anhalt"]
[PlyCount "76"]
[WhiteFideId "16208188"]
[BlackFideId "12939870"]
[EventCountry "GER"]
[EventRounds "7"]
[EventType "team-swiss"]
[EventDate "2020.09.29"]

1. d4 {[%clk 1:30:57]} Nf6 {[%clk 1:30:56]} 2. c4 {[%clk 1:31:21]} e6 {[%clk
1:31:24]} 3. Nf3 {[%clk 1:31:46]} d5 {[%clk 1:31:51]} 4. Nc3 {[%clk 1:32:12]}
Bb4 {[%clk 1:31:43]} 5. cxd5 {[%clk 1:32:40]} exd5 {[%clk 1:32:08]} 6. Bf4
{[%clk 1:33:05]} Bf5 {[%clk 1:13:38]} 7. Qb3 {[%clk 1:24:28]} Nc6 {[%clk
1:03:03]} 8. a3 {[%clk 1:19:06]} Bxc3+ {[%clk 1:01:04]} 9. bxc3 {[%clk
1:19:34]} O-O {[%clk 0:59:40]} 10. e3 {[%clk 1:14:46]} Na5 {[%clk 0:58:18]} 11.
Qb4 {[%clk 1:14:41]} b6 {[%clk 0:58:34]} 12. Be2 {[%clk 1:01:59]} c5 {[%clk
0:58:10]} 13. Qb2 {[%clk 1:02:28]} cxd4 {[%clk 0:38:07]} 14. Nxd4 {[%clk
1:00:39]} Bg6 {[%clk 0:37:32]} 15. O-O {[%clk 1:00:09]} Nc4 {[%clk 0:35:32]}
16. Qa2 {[%clk 0:56:18]} Rc8 {[%clk 0:35:28]} 17. Rfd1 {[%clk 0:55:46]} Ne4
{[%clk 0:25:11]} 18. Rac1 {[%clk 0:55:48]} Qe7 {[%clk 0:24:27]} 19. a4 {[%clk
0:52:36]} Na5 {[%clk 0:19:23]} 20. Qb2 {[%clk 0:51:22]} Rfd8 {[%clk 0:19:28]}
21. Ba6 {[%clk 0:42:10]} Rc5 {[%clk 0:18:32]} 22. Nb3 {[%clk 0:41:25]} Nxb3
{[%clk 0:17:13]} 23. Qxb3 {[%clk 0:41:54]} Qf6 {[%clk 0:16:22]} 24. Rd4 {[%clk
0:40:43]} h6 {[%clk 0:16:10]} 25. Bg3 {[%clk 0:28:12]} Kh7 {[%clk 0:13:52]} 26.
f3 {[%clk 0:21:41]} Ng5 {[%clk 0:13:04]} 27. Bh4 {[%clk 0:16:24]} Re8 {[%clk
0:11:39]} 28. c4 {[%clk 0:09:09]} dxc4 {[%clk 0:10:04]} 29. Rcxc4 {[%clk
0:09:29]} Rce5 {[%clk 0:09:13]} 30. Bf2 {[%clk 0:09:05]} Ne6 {[%clk 0:08:39]}
31. Rd6 {[%clk 0:05:29]} Qe7 {[%clk 0:09:04]} 32. Rcc6 {[%clk 0:05:38]} Nc5
{[%clk 0:08:53]} 33. Qc4 {[%clk 0:05:55]} Rxe3 {[%clk 0:08:29]} 34. h3 {[%clk
0:03:34]} Bd3 {[%clk 0:03:08]} 35. Qc1 {[%clk 0:04:00]} Nxa6 {[%clk 0:01:04]}
36. Qxe3 {[%clk 0:04:25]} Qxe3 {[%clk 0:01:30]} 37. Bxe3 {[%clk 0:04:52]} Rxe3
{[%clk 0:01:58]} 38. Rd7 {[%clk 0:05:14]} Nb8 {[%clk 0:01:18]} 0-1

[Event "Deutsche Ländermeisterschaft 2020"]
[Site "Berlin GER"]
[Date "2020.10.03"]
[Round "6"]
[White "Pallas, Sebastian"]
[Black "Schneider, Jana"]
[Result "1/2-1/2"]
[Termination "normal"]
[Board "3.2"]
[BlackTitle "FM"]
[WhiteElo "2315"]
[BlackElo "2270"]
[WhiteClock "00:07:01"]
[BlackClock "00:19:13"]
[WhiteTeam "Sachsen-Anhalt"]
[BlackTeam "Bayern"]
[PlyCount "92"]
[WhiteFideId "12905453"]
[BlackFideId "12924997"]
[EventCountry "GER"]
[EventRounds "7"]
[EventType "team-swiss"]
[EventDate "2020.09.29"]

1. e4 {[%clk 1:30:50]} e5 {[%clk 1:30:54]} 2. Nf3 {[%clk 1:30:57]} Nc6 {[%clk
1:31:17]} 3. Bb5 {[%clk 1:30:51]} a6 {[%clk 1:31:40]} 4. Ba4 {[%clk 1:31:11]}
d6 {[%clk 1:32:01]} 5. c3 {[%clk 1:30:37]} Bd7 {[%clk 1:32:24]} 6. d4 {[%clk
1:30:19]} g6 {[%clk 1:32:45]} 7. O-O {[%clk 1:29:52]} Bg7 {[%clk 1:33:10]} 8.
Re1 {[%clk 1:28:23]} Nf6 {[%clk 1:31:38]} 9. Bxc6 {[%clk 1:15:02]} Bxc6 {[%clk
1:31:01]} 10. dxe5 {[%clk 1:15:27]} Nxe4 {[%clk 1:21:47]} 11. exd6 {[%clk
1:15:17]} O-O {[%clk 1:21:23]} 12. dxc7 {[%clk 1:14:57]} Qxc7 {[%clk 1:21:37]}
13. Be3 {[%clk 1:12:59]} Rad8 {[%clk 1:17:29]} 14. Nbd2 {[%clk 1:08:12]} Nxd2
{[%clk 1:11:41]} 15. Nxd2 {[%clk 1:08:06]} b5 {[%clk 1:08:06]} 16. Qe2 {[%clk
0:54:43]} Rfe8 {[%clk 0:55:26]} 17. Rad1 {[%clk 0:47:39]} Qb7 {[%clk 0:43:56]}
18. Nf3 {[%clk 0:44:15]} Rxd1 {[%clk 0:42:42]} 19. Qxd1 {[%clk 0:40:42]} b4
{[%clk 0:40:54]} 20. cxb4 {[%clk 0:35:23]} Bxb2 {[%clk 0:34:06]} 21. Bc5 {[%clk
0:32:42]} Rxe1+ {[%clk 0:28:41]} 22. Nxe1 {[%clk 0:32:27]} Qd7 {[%clk 0:25:56]}
23. Qxd7 {[%clk 0:29:57]} Bxd7 {[%clk 0:26:21]} 24. Nd3 {[%clk 0:26:57]} Bg7
{[%clk 0:24:38]} 25. Kf1 {[%clk 0:23:00]} f5 {[%clk 0:24:40]} 26. Ke2 {[%clk
0:21:24]} Kf7 {[%clk 0:23:46]} 27. Ke3 {[%clk 0:21:13]} Bh6+ {[%clk 0:20:57]}
28. Kd4 {[%clk 0:15:33]} Bg7+ {[%clk 0:21:09]} 29. Ne5+ {[%clk 0:14:06]} Ke6
{[%clk 0:20:54]} 30. f4 {[%clk 0:14:33]} g5 {[%clk 0:20:05]} 31. g3 {[%clk
0:14:54]} h5 {[%clk 0:19:17]} 32. Bb6 {[%clk 0:13:23]} h4 {[%clk 0:19:15]} 33.
Bc7 {[%clk 0:10:02]} hxg3 {[%clk 0:19:30]} 34. hxg3 {[%clk 0:10:29]} gxf4
{[%clk 0:19:52]} 35. gxf4 {[%clk 0:10:54]} Bb5 {[%clk 0:18:43]} 36. a3 {[%clk
0:10:27]} Bf6 {[%clk 0:17:11]} 37. Kc5 {[%clk 0:08:30]} Bxe5 {[%clk 0:17:30]}
38. fxe5 {[%clk 0:06:42]} f4 {[%clk 0:17:49]} 39. Kd4 {[%clk 0:06:50]} f3
{[%clk 0:17:19]} 40. Ke3 {[%clk 0:07:16]} Bc6 {[%clk 0:17:29]} 41. Bd6 {[%clk
0:06:42]} Bd5 {[%clk 0:17:42]} 42. a4 {[%clk 0:06:13]} Bc6 {[%clk 0:18:05]} 43.
b5 {[%clk 0:06:10]} axb5 {[%clk 0:18:29]} 44. axb5 {[%clk 0:06:35]} Bxb5 {[%clk
0:18:52]} 45. Kxf3 {[%clk 0:07:01]} Bc6+ {[%clk 0:19:13]} 46. Ke4 Kxe5+ 1/2-1/2

[Event "Deutsche Ländermeisterschaft 2020"]
[Site "Berlin GER"]
[Date "2020.10.03"]
[Round "6"]
[White "Kolb, Tobias"]
[Black "Post, Hugo"]
[Result "1/2-1/2"]
[Termination "normal"]
[Board "3.3"]
[WhiteElo "2268"]
[BlackElo "2209"]
[WhiteClock "00:35:37"]
[BlackClock "00:19:47"]
[WhiteTeam "Bayern"]
[BlackTeam "Sachsen-Anhalt"]
[PlyCount "88"]
[WhiteFideId "12992321"]
[BlackFideId "12962490"]
[EventCountry "GER"]
[EventRounds "7"]
[EventType "team-swiss"]
[EventDate "2020.09.29"]

1. d4 {[%clk 1:30:59]} Nf6 {[%clk 1:30:50]} 2. c4 {[%clk 1:31:24]} e6 {[%clk
1:31:13]} 3. Nc3 {[%clk 1:31:51]} Bb4 {[%clk 1:31:28]} 4. Qc2 {[%clk 1:31:46]}
O-O {[%clk 1:30:00]} 5. Nf3 {[%clk 1:32:04]} c5 {[%clk 1:29:42]} 6. dxc5 {[%clk
1:31:17]} Bxc5 {[%clk 1:28:38]} 7. Bg5 {[%clk 1:29:38]} h6 {[%clk 1:25:21]} 8.
Bh4 {[%clk 1:28:13]} Nc6 {[%clk 1:23:16]} 9. a3 {[%clk 1:19:10]} Nd4 {[%clk
1:06:26]} 10. Nxd4 {[%clk 1:11:41]} Bxd4 {[%clk 1:05:09]} 11. e3 {[%clk
1:11:42]} Be5 {[%clk 1:01:27]} 12. Be2 {[%clk 1:05:23]} b6 {[%clk 0:54:53]} 13.
f4 {[%clk 1:00:51]} Bxc3+ {[%clk 0:41:20]} 14. Qxc3 {[%clk 1:01:11]} Bb7 {[%clk
0:41:42]} 15. Bf3 {[%clk 0:44:34]} Bxf3 {[%clk 0:39:13]} 16. gxf3 {[%clk
0:44:58]} Nd5 {[%clk 0:38:22]} 17. Bxd8 {[%clk 0:42:40]} Nxc3 {[%clk 0:38:47]}
18. Be7 {[%clk 0:35:58]} Rfe8 {[%clk 0:39:10]} 19. Bd6 {[%clk 0:35:45]} Na4
{[%clk 0:39:33]} 20. b3 {[%clk 0:35:34]} Nc5 {[%clk 0:39:34]} 21. Rb1 {[%clk
0:31:32]} Rac8 {[%clk 0:38:12]} 22. Ke2 {[%clk 0:31:37]} Nb7 {[%clk 0:36:41]}
23. Rhd1 {[%clk 0:27:54]} Rc6 {[%clk 0:31:09]} 24. Be5 {[%clk 0:26:49]} d6
{[%clk 0:30:42]} 25. Bd4 {[%clk 0:26:23]} a6 {[%clk 0:25:58]} 26. a4 {[%clk
0:25:05]} e5 {[%clk 0:19:59]} 27. fxe5 {[%clk 0:25:25]} dxe5 {[%clk 0:20:28]}
28. Ba1 {[%clk 0:20:18]} f6 {[%clk 0:20:36]} 29. Rd5 {[%clk 0:17:14]} Kf7
{[%clk 0:16:01]} 30. Bc3 {[%clk 0:16:50]} Rd8 {[%clk 0:11:49]} 31. Rxd8 {[%clk
0:15:09]} Nxd8 {[%clk 0:12:18]} 32. Rd1 {[%clk 0:15:06]} Ne6 {[%clk 0:12:02]}
33. Bb4 {[%clk 0:13:48]} Ke8 {[%clk 0:08:21]} 34. h4 {[%clk 0:12:45]} Nc5
{[%clk 0:04:26]} 35. Bxc5 {[%clk 0:06:58]} bxc5 {[%clk 0:04:54]} 36. a5 {[%clk
0:07:23]} Ke7 {[%clk 0:04:57]} 37. h5 {[%clk 0:07:45]} Ke6 {[%clk 0:03:53]} 38.
e4 {[%clk 0:07:25]} Rd6 {[%clk 0:01:07]} 39. Rxd6+ {[%clk 0:06:39]} Kxd6 {[%clk
0:01:37]} 40. Kd3 {[%clk 0:07:03]} Ke6 {[%clk 0:02:03]} 41. Kc3 {[%clk
0:07:10]} Ke7 {[%clk 0:18:46]} 42. b4 {[%clk 0:36:20]} cxb4+ {[%clk 0:18:58]}
43. Kxb4 {[%clk 0:36:47]} Kd6 {[%clk 0:19:22]} 44. c5+ {[%clk 0:35:37]} Kc7
{[%clk 0:19:47]} 1/2-1/2